| 000 | 00502nam a2200193Ia 4500 | ||
|---|---|---|---|
| 005 | 20140402111846.0 | ||
| 008 | 140130s9999 xx 000 0 und d | ||
| 020 | _a0590464728 | ||
| 050 |
_aF 74.P8 _b.F84 1975 |
||
| 100 |
_aFritz, Jean _913041 |
||
| 245 |
_cJean Fritz. _aWho's that stepping on Plymouth Rock / |
||
| 260 |
_bScholastic, _c1975. _aUSA : |
||
| 300 |
_a30 p. : _bcol. ill. ; _c23 cm. |
||
| 440 |
_v1 _931174 |
||
| 521 | _aG5 | ||
| 526 | _c780 | ||
| 942 |
_cBK _2lcc |
||
| 999 |
_c41131 _d41131 |
||